La tutela della riscossione dei crediti tributari

Detalles Bibliográficos
Autor principal: Ingrao, Giuseppe
Formato: eBook
Lenguaje:italiano
Publicado: Bari : Cacucci Editore, 2012
Materias:
Acceso en línea:http://www.vlex.com/source/11212

MARC

LEADER 00000nam a22000007a 4500
005 20130430172305.0
007 cr|||| ||||
008 130430e2012 it |||||s|||| 00||0 ita d
020 |a 9788866111764 
035 |a 11212 
040 |a vLex 
090 |c 4232  |d 4232 
100 1 0 |a Ingrao, Giuseppe 
245 1 3 |a La tutela della riscossione dei crediti tributari  |c / Giuseppe Ingrao   |h [Recurso electrn̤ico] 
256 |a Servicio en ln̕ea 
260 |a Bari :  |b Cacucci Editore,   |c 2012 
300 |a 1 Recurso electrn̤ico 
506 |d vLex Global  |d vLex Global (Academic Edition, excluding Law Schools)  |d vLex Global (U.S. Academic Edition, Law Schools)  |d vLex Global (U.S. Academic Edition, excluding Law Schools)  |d vLex Global (Academic Edition, Law Schools) 
650 0 4 |a Derecho tributario  |z Italia 
650 0 4 |a Crďito  |x Derecho  |z Italia 
740 |a vLex Libros (Servicio en ln̕ea) 
856 |a Acceso restringido  |u http://www.vlex.com/source/11212 
942 |c BOOK 
999 0 |a Taxation